[Event "BCF-ch Seniors 65 U150"]
[Site "Coventry"]
[Date "2015.08.07"]
[Round "5"]
[White "Rawcliffe, Peter"]
[Black "Ainscow, Faye"]
[Result "1-0"]
[WhiteElo "1487"]
[BlackElo "124"]
[PlyCount "65"]
[EventDate "2015.08.03"]
[EventType "swiss"]
[EventRounds "5"]
[EventCountry "ENG"]
[SourceTitle "CBM 167 Extra"]
[Source "ChessBase"]
[SourceDate "2015.09.14"]
[SourceVersion "1"]
[SourceVersionDate "2015.09.14"]
[SourceQuality "1"]

1. e4 e5 2. Nf3 Nc6 3. d4 exd4 4. Nxd4 d6 5. Nc3 Nf6 6. Be2 Be7 7. 0-0 0-0 8. Nxc6 bxc6 9. Bf4 Be6 10. Bf3 Ne8 11. Re1 Rb8 12. b3 Bg5 13. Qd2 Bxf4 14. Qxf4 g6 15. Rad1 Ng7 16. e5 d5 17. Ne4 Qe7 18. Nf6+ Kh8 19. Qh6 Qxf6 20. exf6 Nf5 21. Qc1 Rg8 22. Qb2 Rbe8 23. g3 h5 24. Re2 Kh7 25. Rde1 Rgf8 26. c4 Rd8 27. Bg2 g5 28. h3 g4 29. h4 dxc4 30. bxc4 Nd4 31. Re5 Kg6 32. Qc1 Nf5 33. Rxf5 1-0

[Event "BCF-ch Seniors 50 U150"]
[Site "Coventry"]
[Date "2015.07.30"]
[Round "4"]
[White "Rawcliffe, Peter"]
[Black "Clare, Steve"]
[Result "0-1"]
[WhiteElo "1487"]
[BlackElo "1762"]
[PlyCount "108"]
[EventDate "2015.07.27"]
[EventType "swiss"]
[EventRounds "5"]
[EventCountry "ENG"]
[SourceTitle "CBM 167 Extra"]
[Source "ChessBase"]
[SourceDate "2015.09.14"]
[SourceVersion "1"]
[SourceVersionDate "2015.09.14"]
[SourceQuality "1"]

1. e4 Nf6 2. e5 Nd5 3. d4 d6 4. c4 Nb6 5. Nf3 g6 6. Nc3 Bg7 7. exd6 cxd6 8. Be3 0-0 9. Qd2 Nc6 10. Be2 Bg4 11. b3 Rb8 12. h3 Bxf3 13. Bxf3 e6 14. 0-0 d5 15. c5 Nd7 16. Rfd1 a6 17. Rab1 Qe7 18. Bg5 Qe8 19. Re1 Qc8 20. Ne2 b5 21. Bh6 b4 22. Bxg7 Kxg7 23. Rbd1 a5 24. Nf4 Qd8 25. Rxe6 Ne7 26. Rde1 Re8 27. g4 Kh8 28. R6e2 Nf6 29. Re5 Nd7 30. R5e2 Nf6 31. g5 Ne4 32. Bxe4 dxe4 33. Rxe4 Qd7 34. Qe2 Qf5 35. h4 Kg7 36. Qf3 Kf8 37. Re5 Qd7 38. d5 Nf5 39. Qe2 Nxh4 40. Kh2 Rxe5 41. Qb2 Nf3+ 42. Kg3 Rxg5+ 43. Kxf3 Qg4+ 44. Ke3 Re8+ 45. Kd3 Qf5+ 46. Kc4 Qxf4+ 47. Kb5 Rxe1 48. Qh8+ Ke7 49. Qa8 Qc7 50. Ka4 Qxc5 51. Qb7+ Kf8 52. Qb8+ Kg7 53. f4 Ra1 54. fxg5 Rxa2# 0-1

[Event "Bedford e2e4 U2000"]
[Site "Bedford"]
[Date "2013.09.22"]
[Round "4"]
[White "Rawcliffe, Peter"]
[Black "Lavelle, Terry WT"]
[Result "1/2-1/2"]
[WhiteElo "1776"]
[BlackElo "1583"]
[PlyCount "66"]
[EventDate "2013.09.20"]
[EventType "swiss"]
[EventRounds "5"]
[EventCountry "ENG"]
[SourceTitle "EXT 2023"]
[Source "ChessBase"]
[SourceDate "2022.10.05"]
[SourceVersion "1"]
[SourceVersionDate "2022.10.05"]
[SourceQuality "1"]

1. e4 c5 2. Nf3 d6 3. d4 cxd4 4. Nxd4 Nf6 5. Nc3 a6 6. Bg5 b5 7. a3 Bb7 8. Bd3 Nbd7 9. f4 Nc5 10. Qf3 Nxd3+ 11. Qxd3 g6 12. 0-0-0 Bg7 13. Rhe1 Rc8 14. e5 dxe5 15. fxe5 Nd5 16. Nxd5 Qxd5 17. Nf5 gxf5 18. Qxd5 Bxd5 19. Rxd5 h6 20. Bh4 Rc4 21. Red1 0-0 22. Bxe7 Re8 23. Rd8 Rxd8 24. Rxd8+ Kh7 25. Rd5 Re4 26. Bd6 Kg6 27. Kd1 h5 28. h3 Kg5 29. Be7+ Kf4 30. Bd6 Ke3 31. Bc5+ Kf4 32. Bd6 Kg5 33. Be7+ Kf4 1/2-1/2

[Event "Bedford e2e4 U2000"]
[Site "Bedford"]
[Date "2013.09.22"]
[Round "5"]
[White "Rawcliffe, Peter"]
[Black "Sloan, Cecil"]
[Result "0-1"]
[WhiteElo "1776"]
[BlackElo "1690"]
[PlyCount "92"]
[EventDate "2013.09.20"]
[EventType "swiss"]
[EventRounds "5"]
[EventCountry "ENG"]
[SourceTitle "EXT 2023"]
[Source "ChessBase"]
[SourceDate "2022.10.05"]
[SourceVersion "1"]
[SourceVersionDate "2022.10.05"]
[SourceQuality "1"]

1. e4 c5 2. Nf3 g6 3. d4 cxd4 4. Nxd4 Nc6 5. Be3 Bg7 6. c4 Nf6 7. Nc3 0-0 8. Qd2 d6 9. Be2 Nxd4 10. Bxd4 Be6 11. 0-0 Qa5 12. Rfd1 Rfc8 13. b3 Nd7 14. Nd5 Qxd2 15. Nxe7+ Kf8 16. Bxg7+ Kxg7 17. Rxd2 Re8 18. Nd5 Bxd5 19. Rxd5 Rxe4 20. Bf3 Re6 21. Rad1 Rae8 22. Kf1 Ne5 23. Rxd6 Nxf3 24. gxf3 Re2 25. R1d2 Re1+ 26. Kg2 Ra1 27. Rd7 Ree1 28. Rxb7 Rg1+ 29. Kh3 Rg5 30. Rdd7 Rf5 31. Rd4 Rg1 32. Rg4 Rh5+ 33. Rh4 Rf5 34. f4 h5 35. Rb5 Rxb5 36. cxb5 Ra1 37. a4 Rb1 38. f3 Rxb3 39. Kg3 f5 40. Rh3 Rb4 41. Kh4 Rxa4 42. Rg3 Rb4 43. Kg5 Rxb5 44. h4 Rb1 45. Rg2 a5 46. Rg3 a4 0-1

[Event "Sunningdale e2e4 op U2000 07"]
[Site "Sunningdale"]
[Date "2013.07.07"]
[Round "4"]
[White "Rawcliffe, Peter"]
[Black "McLaren, Charlie"]
[Result "0-1"]
[WhiteElo "1784"]
[BlackElo "1648"]
[PlyCount "118"]
[EventDate "2013.07.05"]
[EventType "swiss"]
[EventRounds "7"]
[EventCountry "ENG"]
[SourceTitle "EXT 2014"]
[Source "ChessBase"]
[SourceDate "2013.11.20"]
[SourceVersion "1"]
[SourceVersionDate "2013.11.20"]
[SourceQuality "1"]

1. e4 e6 2. d4 d5 3. Nd2 Nf6 4. e5 Nfd7 5. Bd3 c5 6. c3 Nc6 7. Ne2 cxd4 8. cxd4 Nb4 9. Bb1 b6 10. a3 Nc6 11. Bd3 Bb7 12. 0-0 Rc8 13. f4 g6 14. Nf3 Na5 15. g4 h5 16. h3 hxg4 17. hxg4 Bh6 18. f5 gxf5 19. Bxh6 Rxh6 20. gxf5 Nc4 21. Qc1 Rh8 22. fxe6 Rg8+ 23. Kh2 fxe6 24. Qf4 Qe7 25. b3 Nb2 26. Bb1 Ba6 27. Rf2 Nd3 28. Bxd3 Bxd3 29. Ng3 Nf8 30. Rc1 Rxc1 31. Qxc1 Kd7 32. Qf4 Qh7+ 33. Kg1 Be4 34. Ng5 Qg6 35. Qf7+ Qxf7 36. Rxf7+ Ke8 37. Kf2 Rxg5 38. Rxa7 Rg4 39. Nh5 Rg2+ 40. Ke3 Nd7 41. b4 Rg5 42. Nf6+ Nxf6 43. exf6 Bf5 44. b5 Rg3+ 45. Kf4 Rg4+ 46. Ke5 Re4+ 47. Kd6 Rxd4 48. Re7+ Kf8 49. Kd7 Ra4 50. Kc6 Rxa3 51. Kxb6 d4 52. Kc7 d3 53. b6 Rc3+ 54. Kd8 Rb3 55. Kc7 Be4 56. Rxe6 Bd5 57. Rd6 Rb5 58. Rd8+ Kf7 59. Rh8 d2 0-1

[Event "Sunningdale e2e4 op U2000 07"]
[Site "Sunningdale"]
[Date "2013.07.05"]
[Round "1"]
[White "Tobisch, John"]
[Black "Rawcliffe, Peter"]
[Result "1-0"]
[WhiteElo "1915"]
[BlackElo "1784"]
[PlyCount "113"]
[EventDate "2013.07.05"]
[EventType "swiss"]
[EventRounds "7"]
[EventCountry "ENG"]
[SourceTitle "EXT 2014"]
[Source "ChessBase"]
[SourceDate "2013.11.20"]
[SourceVersion "1"]
[SourceVersionDate "2013.11.20"]
[SourceQuality "1"]

1. d4 d5 2. Nf3 Nf6 3. c4 c6 4. Nbd2 e6 5. g3 Nbd7 6. Bg2 Bd6 7. 0-0 0-0 8. b3 Re8 9. Bb2 e5 10. dxe5 Nxe5 11. Qc2 Bg4 12. Rfe1 Nxf3+ 13. Nxf3 Bb4 14. Red1 Qe7 15. a3 Bd6 16. Re1 Rad8 17. cxd5 cxd5 18. Qd3 a6 19. b4 b5 20. Nd4 Qd7 21. Rac1 Rc8 22. e3 Rc4 23. Rxc4 dxc4 24. Qc2 Be5 25. Bc6 Qc8 26. Bxe8 Qxe8 27. e4 Qd7 28. Nf5 Bxb2 29. Qxb2 Bf3 30. e5 Ne4 31. Qd4 Qxd4 32. Nxd4 Nd2 33. Re3 Be4 34. f3 Bd5 35. Kf2 Kf8 36. Ne2 Nb3 37. Nc3 Be6 38. Ne4 a5 39. bxa5 Nxa5 40. Nc3 Nc6 41. Nxb5 Ke7 42. g4 Na5 43. h3 Kd7 44. f4 Bd5 45. Nc3 Bc6 46. f5 Nb3 47. Ne4 h6 48. Nd6 Bd5 49. Nxf7 Nc5 50. e6+ Kc7 51. Ne5 Ne4+ 52. Ke1 c3 53. Kd1 Bb3+ 54. Kc1 Bd5 55. Ng6 Kd8 56. Nf4 Bc6 57. Ne2 1-0